000 00783nam a2200241 a 4500
001 000013315
003 DO-SdBNP
005 20260303133932.0
007 ta
008 091123s1999 dr a er 001 h spa d
040 _aDO-SdBNP
_bspa
_cBNPHU
082 4 _aRD867.44
_bC744v 1999
_222
100 1 _aConcha, Leonel
_930501
245 1 3 _aLa vida en broma:
_b(octavo libro) /
_cLeonel Concha ; prólogo, Francisco Álvarez Castellanos.
260 _aSanto Domingo :
_bSuplemento,
_c1999
300 _a198 p. :
_bil. ;
_c21 cm.
590 _aInventariado 2022 / MF
650 0 _aHumorismo dominicano
_9275
650 0 _aLiteratura dominicana.
_967
700 1 _aAlvárez Castellanos, Francisco,
_epról.
_930511
910 _aMFeliz/Validado. Control de calidad MFF
942 _2ddc
_cLBS1
999 _c12945
_d12945